000 00620cam a2200229ua 4500
005 20240624041458.0
008 110702n ii |||gr||||Z||||||eng
020 _a8121902983
040 _cMAIN
041 _deng
082 _a330.954
_bDAT
100 _aDatt, Ruddar.,
_eauthor
245 1 _aIndian economy/
_cBy Ruddar Datt and KPM Sundharam
250 _a55th.
260 _aNew Delhi.:
_bS chand.,
_c2007.
300 _axvi, 996 p.:
_c32 cm.
650 _aIndian economy and economic development
653 _aEconomics.
653 _aIndian economy.
700 1 _aSundharam, KPM.,
_eauthor
942 _cBK
_2ddc
999 _c1214
_d1214